| 000 | 00506nam a22001817a 4500 | ||
|---|---|---|---|
| 003 | OSt | ||
| 005 | 20150318160900.0 | ||
| 008 | 150318b xxu||||| |||| 00| 0 eng d | ||
| 040 | _cBMC | ||
| 082 | _a863.99224 | ||
| 100 | 0 |
_aSalarrué _929497 |
|
| 245 | 1 | 0 |
_aCatleya luna _b: novela _cSalarrué |
| 250 | _a2ª ed | ||
| 260 |
_aSan Salvador _bMinisterio de Educación, Dirección de Publicaciones _c[1980] |
||
| 300 |
_a189 p. _c23 cm |
||
| 650 | 2 | 4 |
_929546 _aNovela salvadoreña |
| 942 |
_2ddc _cBK _hahoj |
||
| 999 |
_c19707 _d19707 |
||